000 00339nam a2200145Ia 4500
008 191201s2008 xx 000 0 und d
082 _a005.133
_bGUC
100 _aGUELICH, Scott
245 0 _aCGI Programming with Perl
250 _a6th Rep
260 _aN.Delhi
_bSPD
_c2008
300 _a451
650 _aB.Tech(CSE)
942 _2ddc
_cBK
999 _c4614
_d4614